000 00600nam a2200193Ia 4500
005 20250508150246.0
008 008 250505s9999 xx 000 0 eng d
037 _aTextual
040 _aFEDL
_beng
_cFEDL
041 _aeng
_2eng
084 _a370.994, POR
_qFEDL
245 0 _aFree, compulsory, and secular a critical estimate of Australian edcuation
245 0 _cUniversity of London Institution of Education
260 _aLondon, UK
_bOxford University Press
_c1937
300 _a71p.
650 _aEducation
942 _cTEXL
_h370.994, POR
999 _c1322692
_d1322692